000 00360 a2200157 4500
001 169758
020 _a
040 _cMagnum
100 _aBurns, Edward Mcnall
240 1 0 _aHistoria da civilizacao ocidental/v.2
_lpor
245 1 0 _aHistoria da civilizacao ocidental/v.2
362 0 _a1899
440 1 _aGlobo
697 _aHISTORIA GERAL
942 _cBK
999 _c169758
_d169758